000 00453nam a2200193Ia 4500
005 20250423095225.0
008 250422s9999 xx 000 0 und d
020 _a0023546700
050 _aTA 351 .H5/
100 _aHibbeler, R. C.
245 0 _aEngineering mechanics : statics
250 _a4th ed.
260 _aNew York
260 _bMacmillan Publishing Company
260 _c1986
300 _a546 p
650 _aDynamics
942 _cBK
999 _c29620
_d29620